Študentská súťaž ISOVER 2018 - Rezidenčné bývanie Dubai

Uložené v:
Podrobná bibliografia
Hlavný autor: Králik, Matúš (Autor)
Ďalší autori: Kubišová, Margita (Vedúci práce)
Médium: Rukopis Kniha
Jazyk:Slovak
Vydavateľské údaje: 2018
Predmet:
On-line prístup:http://is.stuba.sk/zp/portal_zp.pl?podrobnosti=116971
https://opac.crzp.sk/?fn=detailBiblioForm&sid=CB745B58B0F7E53C0056C56F3E25
Tagy: Pridať tag
Žiadne tagy, Buďte prvý, kto otaguje tento záznam!

MARC

LEADER 00000ntm a22000003a 4500
001 stuzp68395
003 SK-STU
005 20230519101612.2
007 ta
008 150427s2015----xo-----f-mn---000-0-slo-d
040 |a STU  |b slo 
041 0 |a slo 
100 1 |a Králik, Matúš  |u 010310  |4 aut  |U SvF Stavebná fakulta  |T SvF Katedra architektúry  |X 75621  |U V181|V310  |Y 19  |7 75621 
242 0 1 |a Student contest ISOVER 2018 - Multifamily houses Dubai  |y eng 
245 1 0 |a Študentská súťaž ISOVER 2018 - Rezidenčné bývanie Dubai 
260 |c 2018 
650 4 |a Rezidenčné bývanie Dubaj  |2 slo 
650 4 |a Isover súťaž  |2 slo 
650 4 |a Mushrooms  |2 slo 
650 4 |a Isover contest  |2 eng 
650 4 |a Mushrooms  |2 eng 
650 4 |a Residential housing Dubai  |2 eng 
700 1 |a Kubišová, Margita  |4 ths  |X 825  |7 A000000825 
856 4 |u http://is.stuba.sk/zp/portal_zp.pl?podrobnosti=116971 
856 4 |u https://opac.crzp.sk/?fn=detailBiblioForm&sid=CB745B58B0F7E53C0056C56F3E25